00737 2200241 4500001002100000005001500021035002000036007000300056008004100059020002200100020002600122082001000148084001600158100001900174245012900193260004500322300003700367650001700404700001800421700001600439990002000455990002000475INLIS00000000134602020240911031222 a0010-0924000380ta240911 g 0 ind  a978-602-06-6470-5 a978-602-06-6469-9 [D] a746.6 a746.6 FAJ a0 aFajar Ciptandi1 aAkspresi Tuban :bKreasi dan inovasi batik dan tenun gedog /cFajar Ciptandi; Editor, Nana Lystiani; Desain Isi, Jevis Space aJakarta :bGramedia Pustaka Utama,c2022 a[vii] 94 hlm. :bilus. ;c22 cm. 4aSeni Cetakan0 aNana Lystiani aJevis Space a01290/PMDM/2024 a01291/PMDM/2024